Sequences and series in Banach spaces
Guardat en:
| Autor principal: | |
|---|---|
| Format: | Llibre |
| Idioma: | anglès |
| Publicat: |
Nueva York
Springer-Verlag
1984
|
| Col·lecció: | Graduate Texts in Mathematics, 92
|
| Matèries: | |
| Etiquetes: |
Afegir etiqueta
Sense etiquetes, Sigues el primer a etiquetar aquest registre!
|
MARC
| LEADER | 00000nam a2200000 a 4500 | ||
|---|---|---|---|
| 001 | UCP0624 | ||
| 003 | CL-VaPUC | ||
| 008 | 990313e19840000US |||||||||||||||||eng|d | ||
| 082 | 0 | 4 | |a 515.732 |b DIE |2 21 |
| 100 | 0 | |a Diestel, Joseph |e author |9 426036 | |
| 245 | 1 | 0 | |a Sequences and series in Banach spaces |
| 300 | |a 261 p | ||
| 942 | |c BK | ||
| 945 | |d 19990313 00:00:00 |a crobeson | ||
| 260 | |a Nueva York |b Springer-Verlag |c 1984 | ||
| 650 | 7 | |a ESPACIOS DE BANACH |2 CL-VaPUC |9 260167 | |
| 650 | 7 | |a SECUENCIAS MATEMATICAS |2 CL-VaPUC |9 338129 | |
| 650 | 0 | |a Series (Matemáticas) |9 260245 | |
| 583 | |a last modification |c 19990313 00:00:00 |k Rodrigo Vera | ||
| 490 | 0 | |a Graduate Texts in Mathematics, 92 | |
| 999 | |c 279387 |d 279385 | ||
| 952 | |0 0 |1 0 |4 0 |6 515_732000000000000_DIE_1984 |7 0 |8 A |9 318514 |a BIBMAT |b BIBMAT |d 2019-11-20 |i 1330012 |o 515.732 DIE 1984 |p 1330012 |r 2025-01-07 |w 2019-11-20 |y BK |k MAT | ||